| 000 | 01657cam a22003614a 4500 | ||
|---|---|---|---|
| 001 | 12654653 | ||
| 005 | 20050110115605.0 | ||
| 008 | 020124s2002 enk b 001 0 eng | ||
| 010 | _a2002019512 | ||
| 020 | _a033372612X (cloth) | ||
| 020 | _a0333726138 (paperback) | ||
| 020 | _a0333726138 | ||
| 040 |
_aDLC _cDLC _dDLC |
||
| 042 | _apcc | ||
| 050 | 0 | 0 |
_aHQ1154 _b.R28 2002 |
| 082 | 0 | 0 |
_a305.409034 _221 _bRAD |
| 245 | 0 | 0 |
_aRadical Writing on Women, 1800-1850 : _bAn Anthology / _c[compiled by] Kathryn Gleadle. |
| 260 |
_aHoundsmills, Basingstoke, Hamps. ; _aNew York : _bPalgrave MacMillan, _cc2002. |
||
| 300 |
_avii, 239 p. ; _c22 cm. |
||
| 504 | _aIncludes bibliographical references (p. 220-232) and index. | ||
| 650 | 0 |
_aWomen _xHistory _y19th century. _94122 |
|
| 650 | 0 |
_aWomen _xHistory _y19th century _vSources. _94123 |
|
| 650 | 0 |
_aWomen _xSocial conditions _y19th century. _94124 |
|
| 650 | 0 |
_aFeminism _xHistory _y19th century. _94125 |
|
| 650 | 0 |
_aSex role _xHistory _y19th century. _94126 |
|
| 700 | 1 |
_aGleadle, Kathryn. _94127 |
|
| 856 | 4 | 2 |
_3Contributor biographical information _uhttp://www.loc.gov/catdir/bios/hol051/2002019512.html |
| 856 | 4 | 1 |
_3Table of contents _uhttp://www.loc.gov/catdir/toc/hol041/2002019512.html |
| 856 | 4 | 2 |
_3Publisher description _uhttp://www.loc.gov/catdir/description/hol031/2002019512.html |
| 942 |
_2ddc _cBB |
||
| 999 |
_c11397 _d11397 |
||